Vybrané hrozby elektronického bankovníctva

Príspevok reaguje na aktuálne problémy týkajúce sa hrozieb elektronického bankovníctva akými sú phishing, pharming, vishing a smishing. Jedná sa o útoky z vonku, pri ktorých väčšinou v dôsledku neznalosti resp. nedbanlivosti, klient sám poskytne svoje osobné údaje tretej osobe, bez toho, aby si to v...

Ausführliche Beschreibung

Gespeichert in:
Bibliographische Detailangaben
1. Verfasser: Ďurech, Richard
Format: Buchkapitel
Sprache:Slowakisch
Schlagworte:
Tags: Tag hinzufügen
Keine Tags, Fügen Sie das erste Tag hinzu!

MARC

LEADER 00000nla$a2200000$$$4500
001 0150439
005 20240502072714.7
041 0 |a slo 
044 |a SK 
245 1 0 |a Vybrané hrozby elektronického bankovníctva  |c Richard Ďurech 
520 |a Príspevok reaguje na aktuálne problémy týkajúce sa hrozieb elektronického bankovníctva akými sú phishing, pharming, vishing a smishing. Jedná sa o útoky z vonku, pri ktorých väčšinou v dôsledku neznalosti resp. nedbanlivosti, klient sám poskytne svoje osobné údaje tretej osobe, bez toho, aby si to vôbec sám uvedomil. Zámerom tejto práce je popísať spôsob fungovania jednotlivých hackerských útokov a navrhnúť spôsoby, ako sa dá proti takýmto útokom úspešne brániť. 
610 2 0 |a bankovníctvo elektronické 
610 2 0 |a činnosť trestná 
610 2 0 |a kriminalita 
100 1 |a Ďurech, Richard